000 00738nam a2200241Ia 4500
003 OSt
005 20220923224053.0
006 a|||||r|||| 00| 0
007 ta
008 Pun
024 _a224,659
037 _cTextual
040 _aARTS
_cARTS
_bPun
041 _2Pun
_aPun
082 _aO153:gxN191,1, M6;N9.1
100 _aਅੰਮ੍ਰਿਤਾ ਪ੍ਰੀਤਮ
245 0 _aਆFਕ ਭੈਰ ਫ਼ਕੀਰ ਤੇ ਨਾਗ ਕਾਲੇ
260 _aਦਿੱਲੀ
_b Fਿਲਾਲੇਖ
_c1998
300 _a208ਪੰ
_ccm.
650 _aਪੰਜਾਬੀ ਸਾਹਿਤ
942 _hO153:gxN191,1, M6;N9.1
_cTEXL
_2CC
999 _c369025
_d369025